| 000 | 00407nam a22001217a 4500 | ||
|---|---|---|---|
| 082 | _a200 THE | ||
| 100 |
_aUzma Gulzar _915534 |
||
| 245 | _aTH-SOF-1082-Classification of Blood Vessels as Arteries and Veins for Diagnosis of Hypertensive Retinopathy | ||
| 260 |
_aISLAMABAD _bNUST COLLEGE OF EME _c2015 |
||
| 650 | _aMS-CSE-12 MSTHESIS | ||
| 700 |
_aSUPERVISOR Dr. Muhammad Usman Akram _969721 |
||
| 942 | _cCF | ||
| 999 |
_c577623 _d577623 |
||